000 00888nam a2200241Ia 4500
003 GCL
008 140319s9999 xx 000 0 ara d
020 _a2148322977
040 _aGCL /
_cGCL
082 0 4 _a953.032
_bش ق
100 1 _aكرم حلمى فرحات
245 1 0 _aقيد الشريد من اخبار يزيد /
_cكرم حلمى فرحات
250 _aالاولى
260 _aالقاهرة :
_bعين للدراسات والبحوث الانسانية والاجتماعية ،
_c2005
300 _a199 ص ؛
_c28 سم
490 _aعيون التراث
_v0
650 0 4 _aالتاريخ الاسلامى
650 0 4 _aالاسلام - تاريخ
650 0 4 _aشبه الجزيرة العربية - تاريخ
650 0 4 _aيزيد بن معاوية - تراجم
650 0 4 _aشمس الدين محمد بن طولون - تراجم
942 _2ddc
_cBK
999 _c57025
_d57025